000 014330000a22003490004500
003 EG-GICUC
005 20250223025340.0
008 080618s2008 ua d f m 000 0 eng d
040 _aEG-GICUC
_beng
_cEG-GICUC
041 0 _aEng
049 _aDeposite
097 _aM.Sc
099 _aCai01.11.10.M.Sc.2008.No.P
100 0 _aNoha Elshahat Aziz Mohamed
245 1 0 _aPsoriasis and insulin resistance /
_cNoha Elshahat Aziz Mohamed ; Supervised Amany Z.Elramly , Amira M.Eltawdy , Olfat G.Shaker
246 1 5 _aالصدفية و مقاومة الانسولين
260 _aCairo :
_bNoha Elshahat Aziz Mohamed ,
_c2008
300 _a96P. :
_bcharts ;
_c25cm
502 _aThesis (M.Sc.) - Cairo University - Faculty Of Medicine - Department Of Dermatology and Venerology
520 _aPsoriasis as a chronic inflammatory skin disorder is characterized by a variety of immunologic and inflammatory changes that may predispose to peripheral insluin resistance and the development of type II diabetes mellitus DM
530 _aIssued also as CD
653 4 _aInsulin resistance
653 4 _aPsoriais
653 4 _aSkin - diseases
700 0 _aAmany Zaki Elramly ,
_eSupervisor
700 0 _aAmira Mohamed Eltawdy ,
_eSupervisor
700 0 _aOlfat Gamil Shaker ,
_eSupervisor
856 _uhttp://172.23.153.220/th.pdf
905 _aMustafa
_eRevisor
905 _aNazla
_eCataloger
942 _2ddc
_cTH
999 _c11016
_d11016